000 00437nam a2200181Ia 4500
008 151202s9999||||xx |||||||||||||| ||und||
082 _bPNVM-13584
100 _aCLOETE STUART.
245 _aWATCH FOR THE DAWN.
260 _b"WORDS BOOK, LONDON."
260 _c0
300 _a444
600 _aCLOETE STUART.
630 _aWATCH FOR THE DAWN.
700 _aCLOETE STUART.
730 _aWATCH FOR THE DAWN.
942 _cBOOK
999 _c1279571
_d1279568